000 00515nam a2200157Ia 4500
008 230907s9999||||xx |||||||||||||| ||und||
082 _a697
_bAHM
100 _aAhmad Jamil (00000206977)
_9116561
245 0 _aProbabilistic Modelling, Advanced Exergy Analysis, and Cooling Water Optimization of a Combined Cycle Power Plant /
260 _aUSPCAS-E, NUST,
_bIslamabad :
_c2021
300 _axiii, 43 p.
520 _aTH-261
650 _aMS-TEE Thesis MS Thesis
700 _aDr Adeel Javed
942 _cTHE
_2ddc
999 _c601939
_d601939